<?xml version="1.0" encoding="UTF-8"?><?xml-stylesheet type="text/xsl" href="static/style.xsl"?><OAI-PMH xmlns="http://www.openarchives.org/OAI/2.0/" xmlns:xsi="http://www.w3.org/2001/XMLSchema-instance" xsi:schemaLocation="http://www.openarchives.org/OAI/2.0/ http://www.openarchives.org/OAI/2.0/OAI-PMH.xsd"><responseDate>2026-04-14T02:51:05Z</responseDate><request verb="GetRecord" identifier="oai:www.recercat.cat:2445/161023" metadataPrefix="marc">https://recercat.cat/oai/request</request><GetRecord><record><header><identifier>oai:recercat.cat:2445/161023</identifier><datestamp>2025-12-05T14:32:05Z</datestamp><setSpec>com_2072_1057</setSpec><setSpec>col_2072_478917</setSpec><setSpec>col_2072_478923</setSpec></header><metadata><record xmlns="http://www.loc.gov/MARC21/slim" xmlns:dcterms="http://purl.org/dc/terms/" xmlns:xsi="http://www.w3.org/2001/XMLSchema-instance" xmlns:doc="http://www.lyncode.com/xoai" xsi:schemaLocation="http://www.loc.gov/MARC21/slim http://www.loc.gov/standards/marcxml/schema/MARC21slim.xsd">
   <leader>00925njm 22002777a 4500</leader>
   <datafield ind2=" " ind1=" " tag="042">
      <subfield code="a">dc</subfield>
   </datafield>
   <datafield ind2=" " ind1=" " tag="720">
      <subfield code="a">Vendrell Saz, Màrius</subfield>
      <subfield code="e">author</subfield>
   </datafield>
   <datafield ind2=" " ind1=" " tag="720">
      <subfield code="a">Krumbien, W.E.</subfield>
      <subfield code="e">author</subfield>
   </datafield>
   <datafield ind2=" " ind1=" " tag="720">
      <subfield code="a">Urzì, C.</subfield>
      <subfield code="e">author</subfield>
   </datafield>
   <datafield ind2=" " ind1=" " tag="720">
      <subfield code="a">Garcia Vallès, Maite</subfield>
      <subfield code="e">author</subfield>
   </datafield>
   <datafield ind2=" " ind1=" " tag="260">
      <subfield code="c">2020-05-18T15:08:37Z</subfield>
   </datafield>
   <datafield ind2=" " ind1=" " tag="260">
      <subfield code="c">2020-05-18T15:08:37Z</subfield>
   </datafield>
   <datafield ind2=" " ind1=" " tag="260">
      <subfield code="c">1996</subfield>
   </datafield>
   <datafield ind2=" " ind1=" " tag="260">
      <subfield code="c">2020-05-18T15:08:37Z</subfield>
   </datafield>
   <datafield ind2=" " ind1=" " tag="520">
      <subfield code="a">Patinas of different mineralogies and colours occur on most monuments of the Mediterranean area. The origin(s) of the latter have often been related to previous painting and/or protective treatment(s). Microbial and biogeochemical pathways of formation, however, have as well been proposed and discussed. Paintings and photographs make it clear that coatings of changing colours have covered famous monuments in the past 200 years. Also the presence of microbiota has been recorded already 150 years ago. The work recorded here was done on several buildings in the Mediterranean area. A wide variety of localities and rock substrates and the patinas on them have been studied. Among the rocks were marbles, limestones calcarenites, granites and sandstones. In all cases studied patinas, their thickness and colour as well as their mineralogical composition were related to the exposure type. The patinas usually are multi-layered, the individual layers characterized by different crystal size, texture, mineralogy, and colour. Orange to grey layers are characterized by calcium carbonates and oxalates with some phosphates admixed, while the dark grey to black layers are rather characterized by gypsum with some trapped air-borne particles in cases. The petrology and mineralogy of the patinas is practically identical in all cases. Many of the patinas are inhabited by a variated microflora causing pitting and exfoliation in cases of the patina. Sometimes the pitting is only seen in the patina, and it reaches also the bedrock. A relationship between patina formation, preservation, destruction and climatic changes over the past 200 years is derived from these findings.</subfield>
   </datafield>
   <datafield tag="653" ind2=" " ind1=" ">
      <subfield code="a">Roques</subfield>
   </datafield>
   <datafield tag="653" ind2=" " ind1=" ">
      <subfield code="a">Mediterrània (Regió)</subfield>
   </datafield>
   <datafield tag="653" ind2=" " ind1=" ">
      <subfield code="a">Rocks</subfield>
   </datafield>
   <datafield tag="653" ind2=" " ind1=" ">
      <subfield code="a">Mediterranean Region</subfield>
   </datafield>
   <datafield ind2="0" ind1="0" tag="245">
      <subfield code="a">Are patinas of the Mediterranean monuments really related to the rock substrate?</subfield>
   </datafield>
</record></metadata></record></GetRecord></OAI-PMH>